00544nam a22001337a 4500082001200000100004100012245007100053260004100124650001500165700010700180942000700287999001900294952009700313 a220 PRO aNC Sana Riaz PC Sobia Farooq 973022 aPR-SOF-1901-Customized Power Supply for Li-Ion Version of Pag Belt aISLAMABADbENUST COLLEGE OF EMc2020 aDE-COMP-38 aProject Supervisor: Col. Dr. Aqib Perwaiz Co-Supervisors: Dr. Muwahida Liaquat Dr. Taosif Iqbal973023 cCR c578920d578920 00104070aCEMEbCEMEcGENd2021-02-26l0o220 PROpPR-SOF-1901r2021-06-28w2021-06-28yCR